[Event "Africa zt 4.4 op"]
[Site "Antananarivo"]
[Date "2024.01.13"]
[Round "4"]
[White "Rakotomaharo, Fy Antenaina"]
[Black "Ranaivoharisoa, Alain"]
[Result "1-0"]
[WhiteElo "2460"]
[BlackElo "2132"]
[PlyCount "71"]
[EventDate "2024.01.11"]
[EventType "swiss"]
[EventRounds "9"]
[EventCountry "MAD"]
[SourceTitle "CB05_2024"]
[SourceDate "2024.01.31"]
[SourceVersion "1"]
[SourceVersionDate "2024.01.31"]
[SourceQuality "1"]

1. Nf3 c5 2. e3 g6 3. d4 Bg7 4. Be2 Nf6 5. 0-0 cxd4 6. exd4 d5 7. c3 Nc6 8. h3 0-0 9. Bf4 Ne4 10. Nbd2 Nxd2 11. Qxd2 Re8 12. Rfe1 Qb6 13. Bf1 Bd7 14. h4 Bg4 15. Ne5 Nxe5 16. Bxe5 Rad8 17. a4 Bxe5 18. Rxe5 a6 19. Rae1 Qf6 20. Qh6 Rd6 21. R1e3 Bd7 22. a5 e6 23. Rf3 Qe7 24. Qf4 Rc6 25. h5 h6 26. Rg3 Rf8 27. Bd3 Kh8 28. hxg6 fxg6 29. Qg4 g5 30. Qh5 Be8 31. Qh3 Qf6 32. Rf3 Qg7 33. Rxf8+ Qxf8 34. Rxg5 Rc7 35. Re5 Qf4 36. Qxe6 1-0

[Event "Online Olym Div3 C"]
[Site "Chess.com INT"]
[Date "2020.08.08"]
[Round "4.1"]
[White "Saraci, Korab"]
[Black "Ranaivoharisoa, Alain"]
[Result "1-0"]
[WhiteElo "2091"]
[BlackElo "2201"]
[PlyCount "51"]
[EventDate "2020.08.07"]
[EventType "team-tourn (rapid)"]
[EventRounds "9"]
[EventCountry "USA"]
[SourceTitle "CBM 198"]
[Source "ChessBase"]
[SourceDate "2020.10.31"]
[SourceVersion "1"]
[SourceVersionDate "2020.10.31"]
[SourceQuality "1"]
[WhiteTeam "Kosovo"]
[BlackTeam "Madagascar"]
[WhiteTeamCountry "KOS"]
[BlackTeamCountry "MAD"]

1. e4 c5 2. c3 Nf6 3. e5 Nd5 4. d4 cxd4 5. cxd4 d6 6. Nf3 Nc6 7. Bc4 e6 8. 0-0 Be7 9. Re1 0-0 10. a3 a6 11. b4 b5 12. Bb3 Bb7 13. Bxd5 exd5 14. Bf4 Rc8 15. Qd3 dxe5 16. Nxe5 Bf6 17. Nd2 Nxe5 18. Bxe5 Bxe5 19. Rxe5 Rc7 20. Nb3 Rc4 21. Rae1 Bc8 22. Qe3 Rc6 23. Nc5 Be6 24. f4 Rc8 25. f5 Rxc5 26. fxe6 1-0

[Event "Antananarivo zt 4.3"]
[Site "Antananarivo"]
[Date "2019.04.29"]
[Round "4"]
[White "Ranaivoharisoa, Alain"]
[Black "Li Ying, Patrick"]
[Result "1-0"]
[WhiteElo "2203"]
[BlackElo "2110"]
[PlyCount "89"]
[EventDate "2019.04.27"]
[EventType "swiss"]
[EventRounds "9"]
[EventCountry "MAD"]
[SourceTitle "EXT 2020"]
[Source "ChessBase"]
[SourceDate "2019.10.17"]
[SourceVersion "1"]
[SourceVersionDate "2019.10.17"]
[SourceQuality "1"]

1. e4 d5 2. exd5 Qxd5 3. Nc3 Qa5 4. d4 Nf6 5. Nf3 c6 6. Bc4 Bf5 7. Ne5 e6 8. Qe2 Bb4 9. Bd2 0-0 10. 0-0 Nbd7 11. Nxd7 Nxd7 12. a3 Bxc3 13. Bxc3 Qc7 14. Bb3 Nf6 15. f3 Rad8 16. Rad1 Rfe8 17. Rfe1 h5 18. Qe5 Nd5 19. Bb4 Qxe5 20. dxe5 Nxb4 21. axb4 Kf8 22. Kf2 Ke7 23. Ke3 Rxd1 24. Rxd1 Rd8 25. Rxd8 Kxd8 26. h4 Ke7 27. c4 f6 28. Kf4 Bd3 29. c5 Bf5 30. Bc4 Bg6 31. b5 cxb5 32. Bxb5 a5 33. g4 hxg4 34. fxg4 Be8 35. Bd3 Bc6 36. h5 Be8 37. Be4 Bc6 38. exf6+ gxf6 39. Bxc6 bxc6 40. h6 Kf7 41. g5 f5 42. h7 Kg7 43. g6 Kh8 44. Ke5 Kg7 45. Kxe6 1-0

[Event "Reunion op 20th"]
[Site "St Denis"]
[Date "2018.10.20"]
[Round "8"]
[White "Testud, Philippe"]
[Black "Ranaivoharisoa, Alain"]
[Result "0-1"]
[WhiteElo "2158"]
[BlackElo "2196"]
[PlyCount "54"]
[EventDate "2018.10.14"]
[EventType "swiss"]
[EventRounds "9"]
[EventCountry "RUF"]
[SourceTitle "CBM 187 Extra"]
[Source "ChessBase"]
[SourceDate "2018.11.04"]
[SourceVersion "1"]
[SourceVersionDate "2018.11.04"]
[SourceQuality "1"]

1. d4 d5 2. Bf4 Nf6 3. e3 e6 4. Nd2 Bd6 5. Bg3 c5 6. c3 Nc6 7. Ngf3 Bxg3 8. hxg3 Qd6 9. Bd3 Bd7 10. dxc5 Qxc5 11. e4 dxe4 12. Bxe4 Rd8 13. Qe2 0-0 14. g4 Nxe4 15. Nxe4 Qe7 16. g5 f5 17. gxf6 gxf6 18. 0-0-0 e5 19. g4 Kh8 20. g5 fxg5 21. Nfxg5 Bf5 22. Rxd8 Nxd8 23. Qh5 Rg8 24. Nf6 Rg7 25. Nfe4 Ne6 26. Nxe6 Qxe6 27. Ng5 Qe7 0-1

[Event "Reunion op 20th"]
[Site "St Denis"]
[Date "2018.10.19"]
[Round "7"]
[White "Ranaivoharisoa, Alain"]
[Black "Denoyelle, Arnaud"]
[Result "0-1"]
[WhiteElo "2196"]
[BlackElo "2229"]
[PlyCount "90"]
[EventDate "2018.10.14"]
[EventType "swiss"]
[EventRounds "9"]
[EventCountry "RUF"]
[SourceTitle "CBM 187 Extra"]
[Source "ChessBase"]
[SourceDate "2018.11.04"]
[SourceVersion "1"]
[SourceVersionDate "2018.11.04"]
[SourceQuality "1"]

1. e4 c5 2. Nf3 d6 3. d4 cxd4 4. Qxd4 Nc6 5. Bb5 a6 6. Bxc6+ bxc6 7. c4 e5 8. Qd3 Ne7 9. Nc3 Ng6 10. h4 h5 11. g3 Bg4 12. Bg5 f6 13. Bd2 Be7 14. Nh2 Be6 15. Nf1 Nf8 16. Ne3 Nd7 17. Qe2 Rb8 18. b3 Nc5 19. f4 Qd7 20. f5 Bf7 21. 0-0 a5 22. Rab1 Bd8 23. Kh2 Ke7 24. Rfd1 Qa7 25. Be1 Bb6 26. Bf2 Na6 27. Bg1 Bd4 28. Nc2 Bxg1+ 29. Rxg1 Rb7 30. Rgd1 Nc5 31. Rd2 Rd8 32. Rbd1 Rbd7 33. g4 hxg4 34. Qxg4 Rh8 35. Kg3 Rh7 36. Re1 Bh5 37. Qh3 Rd8 38. Kh2 Rdh8 39. Ne3 Bg4 40. Qxg4 Rxh4+ 41. Qxh4 Rxh4+ 42. Kg3 Rh5 43. Red1 Qb8 44. Ne2 Qh8 45. Rg1 Qh6 0-1

[Event "Reunion op 20th"]
[Site "St Denis"]
[Date "2018.10.15"]
[Round "2"]
[White "Larmet, Nino"]
[Black "Ranaivoharisoa, Alain"]
[Result "0-1"]
[WhiteElo "1786"]
[BlackElo "2196"]
[PlyCount "74"]
[EventDate "2018.10.14"]
[EventType "swiss"]
[EventRounds "9"]
[EventCountry "RUF"]
[SourceTitle "CBM 187 Extra"]
[Source "ChessBase"]
[SourceDate "2018.11.04"]
[SourceVersion "1"]
[SourceVersionDate "2018.11.04"]
[SourceQuality "1"]

1. d4 g6 2. Nf3 Bg7 3. Bf4 Nf6 4. Nc3 d5 5. e3 0-0 6. h3 c5 7. Be2 Ne4 8. 0-0 Nc6 9. Bd3 Nxc3 10. bxc3 Qa5 11. Qd2 h6 12. Rfd1 g5 13. Bh2 c4 14. Be2 Bf5 15. a4 Qd8 16. g4 Bg6 17. Ne5 Nxe5 18. Bxe5 f6 19. Bg3 Qd7 20. f4 f5 21. Bf3 fxg4 22. hxg4 Rac8 23. Qg2 e6 24. fxg5 hxg5 25. e4 Rcd8 26. Rdb1 dxe4 27. Bxe4 Bxd4+ 28. cxd4 Qxd4+ 29. Bf2 Qxe4 30. Qxe4 Bxe4 31. Bxa7 Rd2 32. Re1 Rg2+ 33. Kh1 Rxg4+ 34. Kh2 Rf7 35. Re3 Rh7+ 36. Rh3 Rg2+ 37. Kh1 Rxh3# 0-1

[Event "Gibraltar Masters 16th"]
[Site "Caleta"]
[Date "2018.01.31"]
[Round "9"]
[White "Ranaivoharisoa, Alain"]
[Black "Garcia Martin, Marta"]
[Result "1-0"]
[WhiteElo "2142"]
[BlackElo "2323"]
[PlyCount "71"]
[EventDate "2018.01.23"]
[EventType "swiss"]
[EventRounds "10"]
[EventCountry "GGB"]
[SourceTitle "CBM 183"]
[Source "ChessBase"]
[SourceDate "2018.03.14"]
[SourceVersion "1"]
[SourceVersionDate "2018.03.14"]
[SourceQuality "1"]

1. e4 c5 2. Nf3 e6 3. d4 cxd4 4. Nxd4 Nc6 5. Nc3 Qc7 6. Be3 a6 7. a3 Nf6 8. Be2 b5 9. 0-0 Bb7 10. f4 Bc5 11. b4 Ba7 12. Kh1 Nxd4 13. Bxd4 Nxe4 14. Nxe4 Bxe4 15. Bxa7 Qxa7 16. a4 Qb7 17. Bf3 Bxf3 18. Rxf3 bxa4 19. Rxa4 Qb5 20. c3 g6 21. Ra5 Qb6 22. Qd2 d5 23. f5 gxf5 24. Qg5 Rc8 25. h3 Rf8 26. Qf6 Rc6 27. Qg7 Qc7 28. Rxd5 Rc4 29. Rdd3 Re4 30. Rf1 Ke7 31. Qg5+ f6 32. Qh5 Qc6 33. Rfd1 h6 34. Qg6 Qe8 35. Qg7+ Rf7 36. Rd7+ 1-0

[Event "Gibraltar Challengers-B"]
[Site "Caleta"]
[Date "2018.01.30"]
[Round "4"]
[White "Ranaivoharisoa, Alain"]
[Black "Havik, Victor"]
[Result "0-1"]
[WhiteElo "2142"]
[BlackElo "2063"]
[PlyCount "58"]
[EventDate "2018.01.27"]
[EventType "swiss"]
[EventRounds "5"]
[EventCountry "GGB"]
[SourceTitle "EXT 2019"]
[Source "ChessBase"]
[SourceDate "2018.10.10"]
[SourceVersion "1"]
[SourceVersionDate "2018.10.10"]
[SourceQuality "1"]

1. e4 e5 2. Nf3 Nc6 3. Bc4 Bc5 4. 0-0 Nf6 5. d3 0-0 6. c3 d5 7. exd5 Nxd5 8. b4 Be7 9. b5 Na5 10. Bxd5 Qxd5 11. c4 Qd8 12. Bd2 b6 13. Bxa5 bxa5 14. Nc3 Bb7 15. Qe2 Re8 16. Rfd1 f5 17. Rac1 Bd6 18. Nd2 Qh4 19. Nf1 Re6 20. Nd5 Rg6 21. Qf3 Kh8 22. g3 Rf8 23. c5 Qd4 24. cxd6 Bxd5 25. dxc7 Bxf3 26. c8Q Rgf6 27. Rd2 Qg4 28. Rc7 Qh3 29. Ne3 Qxh2+ 0-1

[Event "Gibraltar Challengers-A"]
[Site "Caleta"]
[Date "2018.01.25"]
[Round "4"]
[White "Elishev, Ivan"]
[Black "Ranaivoharisoa, Alain"]
[Result "0-1"]
[WhiteElo "2087"]
[BlackElo "2142"]
[PlyCount "85"]
[EventDate "2018.01.22"]
[EventType "swiss"]
[EventRounds "5"]
[EventCountry "GGB"]
[SourceTitle "EXT 2019"]
[Source "ChessBase"]
[SourceDate "2018.10.10"]
[SourceVersion "1"]
[SourceVersionDate "2018.10.10"]
[SourceQuality "1"]

1. e4 c5 2. Nf3 d6 3. Nc3 Nf6 4. e5 dxe5 5. Nxe5 a6 6. g3 Nbd7 7. d4 e6 8. Bg2 cxd4 9. Qxd4 Bc5 10. Qa4 0-0 11. Nd3 Bd6 12. 0-0 Rb8 13. Qd4 Qc7 14. a4 b6 15. Re1 Re8 16. Bd2 e5 17. Qh4 Bb7 18. Bxb7 Qxb7 19. Ne4 Nxe4 20. Qxe4 Qxe4 21. Rxe4 f5 22. Rc4 Rbc8 23. Rxc8 Rxc8 24. c3 e4 25. Nf4 Ne5 26. Be3 Nc4 27. Nd5 Nxb2 28. Bxb6 Kf7 29. Bd4 Ke6 30. Ne3 g5 31. a5 f4 32. Rb1 Na4 33. Nd1 Rb8 34. Ra1 Nc5 35. Bxc5 Bxc5 36. Kg2 Kd5 37. Kh3 e3 38. fxe3 fxe3 39. c4+ Kxc4 40. Rc1+ Kd5 41. Nc3+ Ke5 42. Ne2 Bd4 43. Rc4 0-1

[Event "Olympiad-42"]
[Site "Baku"]
[Date "2016.09.04"]
[Round "3.2"]
[White "Ranaivoharisoa, Alain"]
[Black "Georgiadis, Nico"]
[Result "0-1"]
[WhiteElo "2169"]
[BlackElo "2475"]
[PlyCount "124"]
[EventDate "2016.09.02"]
[EventType "team-swiss"]
[EventRounds "11"]
[EventCountry "AZE"]
[SourceTitle "CBM 175"]
[Source "ChessBase"]
[SourceDate "2016.11.10"]
[SourceVersion "1"]
[SourceVersionDate "2016.11.10"]
[SourceQuality "1"]
[WhiteTeam "Madagascar"]
[BlackTeam "Switzerland"]
[WhiteTeamCountry "MAD"]
[BlackTeamCountry "SUI"]

1. e4 c5 2. Nf3 d6 3. d4 cxd4 4. Qxd4 Nc6 5. Bb5 a6 6. Bxc6+ bxc6 7. 0-0 e5 8. Qd3 Nf6 9. c4 Qc7 10. Nc3 Be7 11. b3 0-0 12. Rd1 Bb7 13. Nh4 Bc8 14. h3 Be6 15. Qf3 Rfd8 16. Nf5 Bxf5 17. Qxf5 Nd7 18. Be3 Nf8 19. Rd3 Ne6 20. Rad1 Rab8 21. Qg4 g6 22. h4 h5 23. Qh3 Kg7 24. Na4 Bf6 25. g3 Nd4 26. Nc3 Qa5 27. Qg2 Re8 28. R1d2 Bd8 29. Bxd4 exd4 30. Ne2 c5 31. Nf4 Qc7 32. Re2 Qd7 33. Qf3 a5 34. Nd5 Re6 35. Qg2 Qe8 36. f3 a4 37. Rb2 Ba5 38. Qc2 a3 39. Rb1 f5 40. Nf4 Re5 41. exf5 Rxf5 42. Rf1 Qf7 43. Ng2 Re8 44. f4 Qe6 45. Rdf3 Qe2 46. R1f2 Qxc2 47. Rxc2 Rf6 48. Kf1 Rfe6 49. Rcf2 Be1 50. Rc2 Bc3 51. Rcf2 Rf6 52. Re2 Rxe2 53. Kxe2 Re6+ 54. Kd3 Kf6 55. f5 gxf5 56. Nf4 Re1 57. Nxh5+ Ke5 58. Rf2 Re3+ 59. Kc2 Be1 60. Rg2 d3+ 61. Kd1 Bb4 62. Rg1 d2 0-1

[Event "Olympiad-42"]
[Site "Baku"]
[Date "2016.09.03"]
[Round "2.1"]
[White "Ranaivoharisoa, Alain"]
[Black "Klaas, Tokelo"]
[Result "1-0"]
[WhiteElo "2169"]
[BlackElo "1663"]
[PlyCount "63"]
[EventDate "2016.09.02"]
[EventType "team-swiss"]
[EventRounds "11"]
[EventCountry "AZE"]
[SourceTitle "CBM 175"]
[Source "ChessBase"]
[SourceDate "2016.11.10"]
[SourceVersion "1"]
[SourceVersionDate "2016.11.10"]
[SourceQuality "1"]
[WhiteTeam "Madagascar"]
[BlackTeam "Lesotho"]
[WhiteTeamCountry "MAD"]
[BlackTeamCountry "LES"]

1. e4 c5 2. Nf3 d6 3. d4 cxd4 4. Qxd4 Nc6 5. Bb5 Bd7 6. Bxc6 bxc6 7. 0-0 Qb6 8. Qd3 e5 9. c4 Nf6 10. Nc3 h6 11. b3 c5 12. Ne1 Be7 13. f4 exf4 14. Bxf4 0-0 15. Rd1 Bc6 16. Nc2 Rfd8 17. Ne3 Ne8 18. Ncd5 Qb7 19. Nf5 Bf8 20. Rf3 Bxd5 21. exd5 Rd7 22. Rdf1 f6 23. Rg3 g5 24. h4 Bg7 25. Bd2 Rf7 26. Qf3 Qd7 27. Qh5 a5 28. Nxh6+ Bxh6 29. Qxh6 Rg7 30. hxg5 fxg5 31. Rh3 Qxh3 32. gxh3 1-0

[Event "Gibraltar Challengers-B 14th"]
[Site "Caleta"]
[Date "2016.01.31"]
[Round "2"]
[White "Petersson, Baldur Teodor"]
[Black "Ranaivoharisoa, Alain"]
[Result "0-1"]
[WhiteElo "1980"]
[BlackElo "2160"]
[PlyCount "90"]
[EventDate "2016.01.30"]
[EventType "swiss"]
[EventRounds "5"]
[EventCountry "GGB"]
[SourceTitle "CBM 170 Extra"]
[Source "ChessBase"]
[SourceDate "2016.02.25"]
[SourceVersion "1"]
[SourceVersionDate "2016.02.25"]
[SourceQuality "1"]

1. e4 c5 2. Nc3 e6 3. g3 d5 4. exd5 exd5 5. d4 cxd4 6. Qxd4 Be6 7. Bb5+ Nc6 8. Qa4 Qb6 9. Be3 Bc5 10. Bxc5 Qxc5 11. Nge2 Nf6 12. Nd4 Bd7 13. 0-0-0 0-0 14. Rd2 a6 15. Nb3 axb5 16. Qxa8 Qb6 17. Qa3 b4 18. Qa4 bxc3 19. bxc3 Ne4 20. Rxd5 Nxc3 21. Qc4 Nxd5 22. Qxd5 Be6 23. Qc5 Qa6 24. Kb2 Ra8 25. Ra1 g6 26. a3 Bxb3 27. cxb3 Re8 28. Rc1 Qd3 29. Qc3 Re2+ 30. Rc2 Rxc2+ 31. Qxc2 Qd4+ 32. Ka2 Kg7 33. f4 Qe3 34. Kb2 Nd4 35. Qc3 Qf2+ 36. Kc1 Qg1+ 37. Kd2 Qxh2+ 38. Kd3 Qxg3+ 39. Kxd4 Qxc3+ 40. Kxc3 h5 41. Kd3 Kf6 42. b4 Ke6 43. Ke4 b5 44. Kd4 Kd6 45. Ke4 f6 0-1

[Event "Gibraltar Challengers-B 14th"]
[Site "Caleta"]
[Date "2016.01.30"]
[Round "1"]
[White "Ranaivoharisoa, Alain"]
[Black "Lawson, Dominic Ralph"]
[Result "1/2-1/2"]
[WhiteElo "2160"]
[BlackElo "1988"]
[PlyCount "65"]
[EventDate "2016.01.30"]
[EventType "swiss"]
[EventRounds "5"]
[EventCountry "GGB"]
[SourceTitle "CBM 170 Extra"]
[Source "ChessBase"]
[SourceDate "2016.02.25"]
[SourceVersion "1"]
[SourceVersionDate "2016.02.25"]
[SourceQuality "1"]

1. e4 e5 2. Bc4 Nf6 3. d3 c6 4. Bg5 d5 5. Bxf6 gxf6 6. Bb3 Rg8 7. Nd2 Rxg2 8. Qf3 Rg6 9. h3 Be6 10. Ne2 Qa5 11. 0-0-0 Bh6 12. c3 Nd7 13. Kc2 0-0-0 14. exd5 cxd5 15. d4 Rg5 16. Kb1 Rdg8 17. c4 Rf5 18. Qc3 Qxc3 19. Nxc3 Rxf2 20. cxd5 Bf5+ 21. Nde4 exd4 22. Rxd4 Rgg2 23. Ka1 Bxe4 24. Nxe4 Rxb2 25. Nd6+ Kb8 26. Nf5 Bf8 27. d6 Rbf2 28. Re1 a6 29. Rd5 Rg5 30. Re8+ Ka7 31. Ne7 Rg1+ 32. Rd1 Rxd1+ 33. Bxd1 1/2-1/2

[Event "Gibraltar Masters 14th"]
[Site "Caleta"]
[Date "2016.01.30"]
[Round "5"]
[White "Solomon, Kenny"]
[Black "Ranaivoharisoa, Alain"]
[Result "1-0"]
[WhiteElo "2390"]
[BlackElo "2160"]
[PlyCount "87"]
[EventDate "2016.01.26"]
[EventType "swiss"]
[EventRounds "10"]
[EventCountry "GGB"]
[SourceTitle "CBM 171"]
[Source "ChessBase"]
[SourceDate "2016.03.14"]
[SourceVersion "2"]
[SourceVersionDate "2016.03.14"]
[SourceQuality "1"]

1. d4 d5 2. Nf3 Nf6 3. c4 c6 4. e3 e6 5. b3 Bd6 6. Bd3 Nbd7 7. Bb2 Qe7 8. Ne5 Nxe5 9. dxe5 Bb4+ 10. Nd2 Nd7 11. 0-0 0-0 12. Qc2 h6 13. Rad1 f6 14. exf6 Nxf6 15. Nf3 Bd7 16. Ne5 Be8 17. h3 Rd8 18. Qe2 Bd6 19. Bb1 Bf7 20. Qc2 Rfe8 21. Ng4 Nh5 22. Nxh6+ Kf8 23. Qh7 Qg5 24. Nxf7 Kxf7 25. f4 Qh6 26. Qxh6 gxh6 27. Kh2 Rg8 28. g4 Nf6 29. Kg2 Ke7 30. Kf3 Rdf8 31. Ke2 a6 32. Bd4 Bb4 33. Rg1 b5 34. cxd5 exd5 35. Rc1 Rc8 36. Bf5 Nd7 37. Bb2 Rc7 38. h4 c5 39. g5 hxg5 40. hxg5 c4 41. Rh1 a5 42. Bd4 Bd6 43. Rh7+ Kd8 44. Rch1 1-0

[Event "Gibraltar Challengers-A 14th"]
[Site "Caleta"]
[Date "2016.01.26"]
[Round "2"]
[White "Hamer, Martyn"]
[Black "Ranaivoharisoa, Alain"]
[Result "1-0"]
[WhiteElo "2058"]
[BlackElo "2160"]
[PlyCount "143"]
[EventDate "2016.01.25"]
[EventType "swiss"]
[EventRounds "5"]
[EventCountry "GGB"]
[SourceTitle "CBM 170 Extra"]
[Source "ChessBase"]
[SourceDate "2016.02.25"]
[SourceVersion "1"]
[SourceVersionDate "2016.02.25"]
[SourceQuality "1"]

1. Nf3 c5 2. c4 Nf6 3. Nc3 e6 4. g3 b6 5. Bg2 Bb7 6. 0-0 Be7 7. Re1 0-0 8. e4 d6 9. d4 cxd4 10. Nxd4 Qd7 11. Be3 Rc8 12. Qe2 a6 13. g4 Qc7 14. Rac1 Nc6 15. b3 Nd7 16. f4 Nxd4 17. Bxd4 e5 18. Be3 exf4 19. Bxf4 Ne5 20. Red1 Re8 21. Be3 Bc6 22. Nb5 Qb7 23. Nxd6 Bxd6 24. Rxd6 Rac8 25. Bf2 Ng6 26. Qe3 Bxe4 27. Bxe4 Rxe4 28. Qxb6 Rxg4+ 29. Bg3 Qe7 30. Rcd1 Nf8 31. Kf1 Re8 32. Re1 Re4 33. Rdd1 h5 34. Qc6 Re6 35. Rxe6 Nxe6 36. Bf2 Rd8 37. Rxd8+ Qxd8 38. Qe4 Qd1+ 39. Be1 Qd6 40. Bg3 Qd1+ 41. Kf2 Qd2+ 42. Qe2 Qd4+ 43. Qe3 h4 44. Be5 Qg4 45. Qf3 Qg5 46. Qa8+ Kh7 47. Qe4+ f5 48. Qe3 Qh5 49. Qf3 Qg6 50. Qg2 Qf7 51. Qd5 Qe7 52. Bd6 Qf6 53. Qe5 Qf7 54. c5 Ng5 55. Ke1 Ne4 56. Kd1 Qg6 57. Qf4 Qg1+ 58. Kc2 Qg2+ 59. Kc1 Qh3 60. Qe5 Kg6 61. Kb2 Qd3 62. Ka3 a5 63. Qe6+ Kg5 64. Be7+ Kf4 65. c6 Qc3 66. Bd6+ Ke3 67. c7 Qc1+ 68. Ka4 Qc6+ 69. Kxa5 Qxd6 70. c8Q Qa3+ 71. Kb6 Qb4+ 72. Ka7 1-0

[Event "Olympiad-41"]
[Site "Tromsoe"]
[Date "2014.08.05"]
[Round "4.1"]
[White "Ranaivoharisoa, Alain"]
[Black "Masrahi, Abdulrahman A"]
[Result "1-0"]
[WhiteElo "2183"]
[BlackElo "1746"]
[PlyCount "66"]
[EventDate "2014.08.02"]
[EventType "team-swiss"]
[EventRounds "11"]
[EventCountry "NOR"]
[SourceTitle "CBM 162"]
[Source "ChessBase"]
[SourceDate "2014.09.17"]
[SourceVersion "1"]
[SourceVersionDate "2014.09.17"]
[SourceQuality "1"]
[WhiteTeam "Madagascar"]
[BlackTeam "Saudi Arabia"]
[WhiteTeamCountry "MAD"]
[BlackTeamCountry "SAU"]

1. e4 c5 2. Nc3 a6 3. g3 Nc6 4. Bg2 d6 5. Nge2 e5 6. d3 Bg4 7. h3 Bxe2 8. Nxe2 g6 9. 0-0 Bg7 10. f4 Qd7 11. c3 Nge7 12. Be3 0-0 13. d4 exd4 14. cxd4 cxd4 15. Nxd4 d5 16. e5 Rfd8 17. Qd2 Rac8 18. Rfd1 Nxd4 19. Bxd4 Rc6 20. g4 Rdc8 21. Bc3 Rd8 22. Qe2 Qe6 23. Rd2 Bh6 24. Rf1 Rdc8 25. Rdd1 Rc4 26. f5 gxf5 27. gxf5 Nxf5 28. Rd3 Kh8 29. Qf3 Rf4 30. Qxd5 Qb6+ 31. Kh1 Rxf1+ 32. Bxf1 Qf2 33. Qg2 Bg7 1-0

[Event "Reunion op 15th"]
[Site "St Denis"]
[Date "2013.10.13"]
[Round "2"]
[White "Genne, Rene"]
[Black "Ranaivoharisoa, Alain"]
[Result "0-1"]
[WhiteElo "1771"]
[BlackElo "2159"]
[PlyCount "54"]
[EventDate "2013.10.12"]
[EventType "swiss"]
[EventRounds "9"]
[EventCountry "RUF"]
[SourceTitle "EXT 2014"]
[Source "ChessBase"]
[SourceDate "2013.11.20"]
[SourceVersion "1"]
[SourceVersionDate "2013.11.20"]
[SourceQuality "1"]

1. b4 d5 2. Bb2 Nf6 3. e3 Bf5 4. Nf3 e6 5. b5 Nbd7 6. Be2 Be7 7. 0-0 0-0 8. d3 h6 9. Nbd2 Rc8 10. c4 Nc5 11. Nb3 Na4 12. Bd4 c5 13. bxc6 bxc6 14. Nbd2 Qa5 15. Nb3 Qa6 16. Qd2 dxc4 17. dxc4 c5 18. Be5 Rfd8 19. Qa5 Qxa5 20. Nxa5 Nd7 21. Nb7 Nxe5 22. Nxe5 Rd2 23. Bf3 Bf6 24. Nc6 Rc7 25. Rad1 Rxd1 26. Rxd1 Rxb7 27. Ne5 Rb1 0-1

[Event "Africa-ch"]
[Site "Antananarivo"]
[Date "2012.05.19"]
[Round "9"]
[White "Ranaivoharisoa, Alain"]
[Black "Ramasindraibe, Girard"]
[Result "1-0"]
[WhiteElo "2159"]
[BlackElo "1973"]
[PlyCount "103"]
[EventDate "2012.05.11"]
[EventType "tourn"]
[EventRounds "9"]
[EventCountry "MAD"]
[SourceTitle "CBM 148 Extra"]
[Source "ChessBase"]
[SourceDate "2012.06.22"]
[SourceVersion "1"]
[SourceVersionDate "2012.06.22"]
[SourceQuality "1"]

1. e4 e5 2. Bc4 Nf6 3. d3 Nc6 4. Nc3 Bc5 5. Be3 Bb6 6. Nf3 d6 7. Bxb6 axb6 8. h3 0-0 9. 0-0 Be6 10. Bb5 Ne7 11. d4 Ng6 12. Re1 Qe7 13. Qd2 h6 14. a3 c6 15. Bf1 Nh7 16. d5 Bc8 17. Rad1 c5 18. Re3 Nf4 19. Ne2 Nh5 20. g4 Nf4 21. Nxf4 exf4 22. Ree1 Qf6 23. e5 dxe5 24. d6 Be6 25. Nxe5 Ng5 26. Bg2 f3 27. Bf1 Ra4 28. c4 Raa8 29. Qc3 Rad8 30. Re3 Bd7 31. Nxf3 Nxf3+ 32. Rxf3 Qg5 33. Rd5 Qg6 34. Bd3 f5 35. Re3 Qf6 36. Bxf5 Bxf5 37. gxf5 Qxc3 38. Rxc3 Rf6 39. Rcd3 Rd7 40. b4 cxb4 41. axb4 Kf7 42. c5 g6 43. fxg6+ Rxg6+ 44. Kf1 Ke8 45. Re5+ Kd8 46. Rde3 Rf7 47. Re8+ Kd7 48. Rb8 Kc6 49. Re7 Rgf6 50. Rc8+ Kb5 51. Rxf7 Rxf7 52. Rc7 1-0